Hatıralar / (Kayıt no. 10089)

MARC ayrıntıları
000 -BAŞLIK
Sabit Uzunluktaki Kontrol Alanı 00576nam a22002057a 4500
003 - KONTROL NUMARASI KİMLİĞİ
Kontrol Alanı KOHA_MİRAKIL
005 - EN SON İŞLEM TARİHİ ve ZAMANI
Kontrol Alanı 20260330123213.0
008 - SABİT UZUNLUKTAKİ VERİ ÖGELERİ - GENEL BİLGİ
Sabit Alan 260330b tu ||||| |||| 00| 0 tur d
040 ## - KATALOGLAMA KAYNAĞI
Özgün Kataloglama Kurumu TR-AnABB
Kataloglama Dili tur
Çeviri Kurumu TR-AnABB
041 ## - DİL KODU
Metin ya da ses kaydının dil kodu tur
082 ## - DEWEY ONU SINIFLAMA SİSTEMİ
Sınıflama Numarası 923.1
Cutter numarası INO 1985
100 1# - KİŞİ ADI
Yazar Adı (Kişi adı) İnönü, İsmet
245 10 - ESER ADI BİLDİRİMİ
Başlık Hatıralar /
Sorumluluk Bildirimi İsmet İnönü
246 ## - DEĞİŞİK BAŞLIK FORMU
Başlık uygun / kısa başlık İsmet İnönü Hatıralar
260 ## - YAYIN, DAĞITIM, VB.
Yayın Yeri Ankara :
Yayınevi Bilgi Yayınevi,
Yayın Tarihi 1985
300 ## - FİZİKSEL TANIMLAMA
Sayfa, Cilt vb. 346 sayfa ;
Boyutları 24 cm
650 04 - KONU BAŞLIĞI EK GİRİŞ - KONU TERİMİ
Konusal terim veya coğrafi ad Biyografi
651 04 - KONU BAŞLIĞI EK GİRİŞİ - COĞRAFİ TERİMİ
Coğrafik Ad İsmet İnönü, Hatıralar
942 ## - EK GİRİŞ ÖGELERİ (KOHA)
Sınıflama Kaynağı Dewey Decimal Classification
Materyal Türü Kitap
900 ## - YEREL BİLGİ
Kontrol Can ÇELIK
651 04 - KONU BAŞLIĞI EK GİRİŞİ - COĞRAFİ TERİMİ
-- 3213
Mevcut
Geri Çekilme Durumu Kayıp Durumu Sınıflandırma Kaynağı Kredi için değil Kalıcı Konum Mevcut Konum Kayıt Tarih Toplam Ödünçverme Yer Numarası Demirbaş Numarası Son Görülme Tarihi Fatura Tarihi Materyal Türü
    Dewey Decimal Classification   Prof. Dr. Ruşen Keleş Kütüphanesi Prof. Dr. Ruşen Keleş Kütüphanesi 30/03/2026   923.1 INO 1985 RK1106 30/03/2026 30/03/2026 Kitap